LEADER 01316nam 2200421 450 001 9910484049103321 005 20230630002119.0 010 $a3-030-69437-2 035 $a(CKB)4100000011902659 035 $a(MiAaPQ)EBC6571545 035 $a(Au-PeEL)EBL6571545 035 $a(OCoLC)1249475658 035 $a(EXLCZ)994100000011902659 100 $a20211124d2021 uy 0 101 0 $aeng 135 $aurcnu|||||||| 181 $ctxt$2rdacontent 182 $cc$2rdamedia 183 $acr$2rdacarrier 200 10$aPublic secrets and private sufferings in the South African AIDS epidemic /$fJonathan Stadler 210 1$aCham, Switzerland :$cSpringer,$d[2021] 210 4$dİ2021 215 $a1 online resource (194 pages) 225 1 $aSocial aspects of HIV ;$vVolume 6 311 $a3-030-69436-4 320 $aIncludes bibliographical references and index. 410 0$aSocial aspects of HIV ;$vVolume 65. 606 $aAIDS (Disease)$zSouth Africa 615 0$aAIDS (Disease) 676 $a362.196979200968 700 $aStadler$b Jonathan$0852967 801 0$bMiAaPQ 801 1$bMiAaPQ 801 2$bMiAaPQ 906 $aBOOK 912 $a9910484049103321 996 $aPublic Secrets and Private Sufferings in the South African AIDS Epidemic$91904798 997 $aUNINA